000 00942nam a22001817a 4500
999 _c61533
_d61533
005 20240321173415.0
008 240321c2023 ge ||||| |||| 00| 0 geo d
022 _a1512-259X
041 _ageo
245 _aმართლმსაჯულება და კანონი = Justice and law :
_bიურიდიული ჟურნალი /
_cსაქართველოს მოსამართლეთა ასოციაცია; რედაქტორი ნინო ძიძიგური.
260 _aთბილისი,
_c2004-
300 _aV.
653 _aმართლმსაჯულება და კანონი
653 _aპერიოდიკა
700 _aძიძიგური, ნინო
_e რედაქტორი
_921538
710 _aსაქართველოს მოსამართლეთა ასოციაცია
_921539
942 _2udc
_cCR